header

New media and the new Middle East (Record no. 221242)

MARC details
000 -LEADER
fixed length control field 01397nam a2200337Ia 4500
082 04 - DEWEY DECIMAL CLASSIFICATION NUMBER
Classification number 302.23/0956
245 00 - TITLE STATEMENT
Title New media and the new Middle East
260 ## - PUBLICATION, DISTRIBUTION, ETC. (IMPRINT)
Place of publication New York :
Name of publisher Palgrave,
Year of publication 2007.
300 ## - PHYSICAL DESCRIPTION
Number of Pages xviii, 263 p.
490 1# - SERIES STATEMENT
Series statement Palgrave Macmillan series in international political communication
650 #0 - SUBJECT ADDED ENTRY--TOPICAL TERM
Topical Term Mass media
Topical Term Mass media
700 1# - ADDED ENTRY--PERSONAL NAME
Personal name Seib, Philip M.,
856 40 - ELECTRONIC LOCATION AND ACCESS
Uniform Resource Identifier http://site.ebrary.com/lib/rucke/Doc?id=10194077

No items available.

© 2026 Rongo University
Contact us: librarian | system librarian | Rongo university